Low carbon city (Record no. 1352)

MARC details
000 -LEADER
fixed length control field 00546 a2200169 4500
001 - CONTROL NUMBER
control field 067451
003 - CONTROL NUMBER IDENTIFIER
control field OSt
005 - DATE AND TIME OF LATEST TRANSACTION
control field 20211210171554.0
008 - FIXED-LENGTH DATA ELEMENTS--GENERAL INFORMATION
fixed length control field
082 ## - DEWEY DECIMAL CLASSIFICATION NUMBER
Classification number 307.1216095
Item number J19L
100 1# - MAIN ENTRY--PERSONAL NAME
Personal name Jain, A.K.
245 1# - TITLE STATEMENT
Title Low carbon city
Statement of responsibility, etc by A.K. Jain
260 ## - PUBLICATION, DISTRIBUTION, ETC. (IMPRINT)
Place of publication, distribution, etc New Delhi
Name of publisher, distributor, etc Discovery Publishing
Date of publication, distribution, etc 2009
300 ## - PHYSICAL DESCRIPTION
Extent 476p.
653 ## - INDEX TERM--UNCONTROLLED
Uncontrolled term India--Delhi; India; Urban ecology (Sociology); Atmospheric carbon dioxide--Environmental aspects; City planning--Climatic factors; Environmental policy
942 ## - ADDED ENTRY ELEMENTS (KOHA)
Source of classification or shelving scheme Dewey Decimal Classification
Koha item type Books
Holdings
Withdrawn status Lost status Source of classification or shelving scheme Damaged status Not for loan Collection code Home library Current library Date acquired Source of acquisition Cost, normal purchase price Total Checkouts Full call number Barcode Checked out Date last seen Date checked out Price effective from Koha item type
    Dewey Decimal Classification     General Text Book Central University Of Rajasthan Central University Of Rajasthan 07/03/2012 ECO 2000.00 1 307.1216095 J19L 1737 25/11/2025 26/09/2025 26/09/2025 02/09/2020 Books